000 00776nam a2200217Ia 4500
001 15295
003 GE_BSU
008 181216s||||||||xx |||||||||||||| ||und||
040 _cGE_BSU
080 _a821.353.1+821.353.1-343+821.353.1-11
100 _aშანშიაშვილი,სანდრო
245 _aრჩეული თხზულებანი 4 ტომად. ტ.4
245 _bლეგენდები და პოემები
260 _aთბილისი
260 _bსაბჭოთა საქართველო
260 _c1964
300 _a220გვ.23სმ.
653 _aლეგენდები და პოემები
653 _aრჩეული თხზულებანი
942 _cBK
999 _c48403
_d48403